Alle Craftingrezepte mit Eisenbarren Minecraft - Statistiken

Allgemein
  • Dieses Quiz wurde 427 mal gespielt
    146 seit der letzten Aktualisierung
  • Das Durchschnittsergebnis liegt bei 17 aus 35
Antwortstatistiken
Hint Antwort % Korrekt
Block Eisenblock
100%
Werkzeug Spitzhacke
95%
Werkzeug Hacke
94%
Werkzeug Schwert
93%
Werkzeug Axt
88%
Werkzeug Schaufel
87%
Anderes Helm
74%
Anderes Schuhe
73%
Anderes Hose
72%
Anderes Brustplatte
66%
Redstoneelement Schiene
57%
Arbeitsblock Amboss
53%
Redstoneelement Tür
52%
Item Eisenklumpen
50%
Werkzeug Schere
50%
Werkzeug Schild
50%
Arbeitsblock Schmiedetisch
44%
Werkzeug Eimer
42%
Redstoneelement Trichter
41%
Werkzeug Feuerzeug
38%
Redstoneelement Lore
38%
Redstoneelement Falltür
37%
Redstoneelement Kolben
36%
Redstoneelement Druckplatte
33%
Block Kette
31%
Block Eisengitter
29%
Werkzeug Kompass
28%
Arbeitsblock Schmelzofen
25%
Arbeitsblock Kessel
22%
Redstoneelement Hacken
18%
Arbeitsblock Steinsäge
18%
Werkzeug Armbrust
17%
Redstoneelement Werker
12%
Redstoneelement Aktivierungsschiene
11%
Item Sattel
2%
Keine übereinstimmenden Quizze gefunden
Verteilung der Resultate
Anzahl Personen mit jedem Resultat
Perzentil nach korrekt beantworteten Fragen
Ihre Resultats-Entwicklung
Sie haben dieses Quiz seit der letzten Aktualisierung nicht gespielt